|
|
|
|
| LEADER |
00000nam0a2200000 4500 |
| 001 |
599579 |
| 005 |
20231220130009.0 |
| 029 |
1 |
0 |
|a RU
|b 2204736
|c Пат.
|d МПК F 04 B 51/00
|
| 035 |
|
|
|a (RuTPU)RU\TPU\tpu\23668
|
| 035 |
|
|
|a RU\TPU\tpu\23667
|
| 039 |
0 |
|
|a RU
|b 2001106786/09
|c 20010221
|
| 090 |
|
|
|a 599579
|
| 100 |
|
|
|a 20130919j20030520k y0rusy50 ca
|
| 101 |
0 |
|
|a rus
|
| 102 |
|
|
|a RU
|
| 105 |
|
|
|a a k 000zy
|
| 200 |
1 |
|
|a Способ диагностики штанговых насосных установок (его варианты)
|f Е. И. Гольдштейн, И. В. Цапко, Т. Г. Даниленко
|g Томский политехнический университет (ТПУ)
|
| 300 |
|
|
|a опубл. 20.05.03
|
| 333 |
|
|
|a В фонде НТБ ТПУ отсутствует
|
| 610 |
1 |
|
|a патенты
|
| 610 |
1 |
|
|a труды учёных ТПУ
|
| 701 |
|
1 |
|a Гольдштейн
|b Е. И.
|c специалист в области электроэнергетики
|c доцент Томского политехнического университета
|f 1929-
|g Ефрем Иосифович
|3 (RuTPU)RU\TPU\pers\25325
|
| 701 |
|
1 |
|a Цапко
|b И. В.
|c специалист в области информатики и вычислительной техники
|c доцент Томского политехнического университета, кандидат технических наук
|f 1972-
|g Ирина Валериевна
|3 (RuTPU)RU\TPU\pers\28081
|4 070
|9 13040
|
| 701 |
|
1 |
|a Даниленко
|b Т. Г.
|
| 712 |
0 |
2 |
|a Томский политехнический университет (ТПУ)
|c (1991-2009)
|3 (RuTPU)RU\TPU\col\376
|
| 801 |
|
1 |
|a RU
|b 63413507
|c 20120201
|
| 801 |
|
2 |
|a RU
|b 63413507
|c 20200923
|g RCR
|
| 942 |
|
|
|c BK
|